[Event "POL-chT Region 0607"]
[Site "Poland"]
[Date "2007.02.04"]
[Round "7"]
[White "Labun, Kornel"]
[Black "Grzeslak, Piotr"]
[Result "1-0"]
[WhiteElo "1753"]
[BlackElo "1600"]
[PlyCount "53"]
[EventDate "2006.11.12"]
[EventType "team"]
[EventRounds "11"]
[EventCountry "POL"]
[SourceTitle "EXT 2008"]
[Source "ChessBase"]
[SourceDate "2007.11.25"]
[SourceVersion "1"]
[SourceVersionDate "2007.11.25"]
[SourceQuality "1"]

1. e4 e5 2. Nc3 Nf6 3. f4 d6 4. Nf3 exf4 5. d4 Be7 6. Bxf4 Nh5 7. Be3 0-0 8. Bc4 Be6 9. Bd3 Bg4 10. 0-0 Nc6 11. Nd5 Bf6 12. c3 Qd7 13. h3 Bxh3 14. gxh3 Qxh3 15. Rf2 Ng3 16. Rh2 Qe6 17. Nd2 Bd8 18. Qf3 Qg6 19. Rg2 Bh4 20. Bf2 Qh5 21. Qxh5 Nxh5 22. Bxh4 f5 23. exf5 Rae8 24. Be2 Rxf5 25. Bxh5 Rxh5 26. Nf6+ Kh8 27. Nxh5 1-0